00392 2200157 4500001002100000005001500021035002000036245005300056100001900109300001200128260003800140082000800178084001400186020002200200990001200222INLIS00000000000175820250505030119 a0010-05250000501 aEkspedisi Cinta Gokil Si Daren /cComell Shalala0 aComell Shalala a200 hlm aYogyakarta :bSinar Kejora,c2012 a813 a813 COM e a978-602-18794-2-9 a0754609